000 00655nam a2200193Ia 4500
003 GCL
008 140319s9999 xx 000 0 ara d
040 _aGCL /
_cGCL
082 0 4 _a189.1
_bف ر
100 1 _aسبحان خليفات
245 1 0 _aرسالة التنبيه على سبيل السعادة /
_cسبحان خليفات
700 1 _aالفارابى : ابو نصر محمد بن محمد بن طرخان بن اوزلغ
300 _a260 ص
490 _aالهيئة العامة للاستعلامات
_v0
650 0 4 _aالفلسفة الاسلامية
650 0 4 _aالفلسفة
650 0 4 _aالفارابى
942 _2ddc
_cBK
999 _c50497
_d50497